Word Ladder: Get a Grip Quiz Stats

 Plays Quiz Updated Apr 4, 2019

Score 0/30 Timer 03:00
0 Plays Today
Clue 4-letter Word % Correct
Not UpDOWN
99.6%
Settlement Smaller than a CityTOWN
98.8%
Someone Tricked on April 1stFOOL
98.1%
Hammer or Saw, e.gTOOL
97.6%
Animation, for shortTOON
94.7%
Shoe FillerFOOT
92.9%
Taxi CostFARE
92.2%
Genie's GrantWISH
91.8%
Halloween Facial GarbMASK
91.7%
Lacking HairBALD
90.9%
Place to store MoneyBANK
90.7%
Sonic's SpeedFAST
90.6%
US Senator RomneyMITT
90.2%
Holds the Sail on a ShipMAST
90.2%
Musical GroupBAND
89.4%
Clue 4-letter Word % Correct
Emit Wind FART
88.1%
Discharge a WeaponFIRE
87.9%
AlongsideWITH
87.7%
Clock PartHAND
87.7%
Irrelevant Point MOOT
87%
KnowledgeableWISE
85.2%
Correction Fluid Brand: ____-outWITE
84.3%
Actor AzariaHANK
84.1%
BraveBOLD
82.9%
Minute ArachnidMITE
82.7%
Rock Band: ____ the HoopleMOTT
82.4%
Drawn out MetalWIRE
80.9%
____ the KnifeMACK
78.6%
Goes with ForthBACK
77.5%
☆ COMMON BOND ☆HOLD
50%

Today's Daily Dose

Missing Word
Celine Dion

Word Ladder
Dr. Seuss Books

Quick Pick
Cities in India

Get the Picture
'A' Actresses

You're not logged in!

Compare scores with friends on all Sporcle quizzes.
OR
Log In

Sporcle TV

Today on Sporcle TV


Watch our educational content, quiz creation guides, and fun videos on Sporcle TV.

Show Comments

Extras

Top Quizzes Today


Score Distribution

Your Account Isn't Verified!

In order to create a playlist on Sporcle, you need to verify the email address you used during registration. Go to your Sporcle Settings to finish the process.

Report this User

Report this user for behavior that violates our Community Guidelines.

Details: